Nomeie cada pokémon #2 - Statistics

Estatísticas Gerais
  • Esse quiz foi jogado 120 vezes
  • A pontuação média é 10 de 12
Estatísticas das Respostas
Imagem Resposta % Correto
Squirtle
97%
Ekans
95%
Nidoqueen
91%
Rapidash
90%
Machop
89%
Gyarados
86%
Mankey
86%
Gloom
85%
Aerodactyl
78%
Cloyster
78%
Marowak
77%
Kangaskhan
74%
Nenhum quiz correspondente encontrado
Distribuição das Pontuações
Porcentagem de Pessoas com Cada Pontuação
Percentil de Números Respondidos
Sua Pontuação Histórica
Você não jogou esse quiz